Voprosy istorii gosudarstva i prava Ėstonskoj SSR do Oktjabŕskoj revoljucii

Titel: Voprosy istorii gosudarstva i prava Ėstonskoj SSR do Oktjabŕskoj revoljucii / Jurij Egorov. Tartuskij Gosudarstvennyj Universitet
Teil: 4
Verfasser:
Körperschaft:
Veröffentlicht: Tartu, 1978
Umfang: 101 S.
Format: Buch
Sprache: Russisch
Schriftenreihe/
mehrbändiges Werk:
Voprosy istorii gosudarstva i prava Ėstonskoj SSR do Oktjabŕskoj revoljucii / Jurij Egorov. Tartuskij Gosudarstvennyj Universitet ; 4
alle Bände anzeigen
Kein Bild verfügbar
X
Lokale Klassifikation: 47 12 F
alg: 22554057
001A    $03004:23-07-10 
001B    $01999:03-06-23 $t05:01:45.000 
001C    $03004:23-07-10 $t16:55:29.000 
001D    $03004:23-07-10 
001U    $0utf8 
001X    $00 
002@    $0Afr 
003@    $0225540576 
007A    $0225540576 $aHEB 
007T    $0Herdhh225540363+14=Bd.14 
010@    $arus 
011@    $a1978 
028A    $#Egorov, Yuri $7 $8Egorov, Jurij [Tnd] $9139000356 
029F    $RTartu Ülikool $RTartu Ülikool $#Тартуский Государственный Университет $#Gosudarstvennyj Universitet Tartu $#Universitet Tartu, 1940 - 1989 $#Tartu Riiklik Ülikool 1940 - 1989 $#TRÜ $#Riiklik Ülikool Tartu $#Ülikool Tartu, 1940 - 1989 $#Universitas Tartu $#Tartu Statsuniversitet $#Statsuniversitet Tartu $#Tartu State University $#State University Tartu $#Gosudarstvennyj Universitet Dorpat $#Universitet Dorpat, 1940 - 1989 $#Tartuer Staatsuniversität $#Staatsuniversität Tartu $#Staatsuniversität Dorpat $#Universitas Litterarum Tartuensis 1940 - 1989 $#Universitas Tartuensis 1940 - 1989 $#Universitas Dorpatensis 1940 - 1989 $#Universität Tartu 1940 - 1989 $#Tartu Riikliku Ülikool $#Staatliche Universität Tartu $#Tartuskij Universitet 1940 - 1989 $#Tartu Ülikool 1940 - 1989 $#TGU $71010720-4 $8Tartuskij Gosudarstvennyj Universitet [Tb1] $9041927168 
033A    $pTartu 
034D    $a101 S. 
036C    $aVoprosy istorii gosudarstva i prava Ėstonskoj SSR do Oktjabŕskoj revoljucii $x14 $hJurij Egorov. Tartuskij Gosudarstvennyj Universitet $l4 
036D    $x14 $8Voprosy istorii gosudarstva i prava Ėstonskoj SSR do Oktjabŕskoj revoljucii / Jurij Egorov. Tartuskij Gosudarstvennyj Universitet $9225540363 
045F    $a340.09 $eDDC23BSB 
045F/01 $a340.09 
045F/03 $f0903 
045F/03 $f09041 
045F/03 $g4798 
045G    $a351.09 $eDDC23BSB 
045G/01 $a351.09 
045G/03 $g4798 
046L    $aIn kyrill. Schrift, russ. - Text maschinenschr. vervielf. 

lok: 22554057 24
101B    $023-07-10 $t16:55:29.000 
101C    $023-07-10 
101U    $0utf8 
145Z/01 $a47 12 F 

exp: 22554057 24 1 #EPN
201B/01 $023-07-10 $t16:55:29.000 
201C/01 $023-07-10 
201U/01 $0utf8 
203@/01 $0596584180 
208@/01 $a23-07-10 $br 
209A/01 $a47 XII F 6 : 4 $du $f050 $h47 12 F 6 / B 4 $x00 
209C/01 $aT 81 3256 $h81 3256 T 
209G/01 $a72607082 $x00 
220C/01 $aurb 
247C/01 $8358050-7 Marburg, Bibliothek des Herder-Instituts Marburg $9102600961 

lok: 22554057 78

exp: 22554057 78 1 #EPN
201B/01 $019-04-17 $t16:43:17.000 
201U/01 $0utf8 
203@/01 $0792763599 
208@/01 $a12-11-16 $be 
209A/01 $a/ $f000 $x00 
220C/01 $aAnmerkung: *ng 
237A/01 $aIn kyrill. Schrift, russ. - Text maschinenschr. vervielf. - weiterführende Signatur(en): Herder-Institut: 47 XII F 6 : 4 
244Z/01 $2Trx $#Estija $#Igaunija $#Estland $#Estonia $#Estonia $#Estónsko $#Estonsko $8--Trx--Eesti $x01 $9391237225 
245Z/01 $a07.01 $x01 
247C/01 $82080>Marburg/Lahn, Herder-Institut, Forschungsbibliothek, Bibliographieportal $9336309341
LEADER 00000cam a22000002cc4500
001 225540576
003 DE-603
005 20230603050145.0
007 tu
008 100723s1978 xx |||| | u00||u|rus c
035 |a (DE-599)HEB225540576 
040 |a DE-603  |b ger  |c DE-603  |d DE-603 
041 |a rus 
082 0 4 |8 1\u  |a 340.09  |q DE-101  |2 23/BSB 
083 0 |8 2\u  |a 351.09  |q DE-101  |2 23/BSB 
085 |8 1\u  |b 340.09 
085 |8 1\u  |z 1  |s 0903 
085 |8 1\u  |z 1  |s 09041 
085 |8 1\u  |z 2  |s 4798 
085 |8 2\u  |b 351.09 
085 |8 2\u  |z 2  |s 4798 
100 1 |a Egorov, Jurij  |0 (DE-603)139000356 
245 0 0 |a Voprosy istorii gosudarstva i prava Ėstonskoj SSR do Oktjabŕskoj revoljucii  |n 4  |c Jurij Egorov. Tartuskij Gosudarstvennyj Universitet 
264 1 |a Tartu  |c 1978 
300 |a 101 S. 
546 |a In kyrill. Schrift, russ. - Text maschinenschr. vervielf. 
710 2 |a Tartuskij Gosudarstvennyj Universitet  |0 (DE-603)041927168  |0 (DE-588)1010720-4  |2 gnd 
773 0 8 |q 14  |w (DE-603)225540363 
924 0 |9 Mb 50  |a (DE-603)596584180  |b DE-Mb50  |c HES  |d c  |g 47 XII F 6 : 4 
924 0 |9 2080  |a (DE-603)792763599  |b DE-2080  |c HES  |d d  |g /